| 000 | 00705nam a2200205 i 4500 | ||
|---|---|---|---|
| 001 | 145742 | ||
| 003 | ES-MaACL | ||
| 005 | 20250602063233.0 | ||
| 007 | t| | ||
| 008 | 071016m19681969sp ||||1| spa d | ||
| 100 | 1 |
_aVereiter, Karl von, _d1918-1996 _9114070 |
|
| 245 | 1 | 0 |
_aII Guerra Mundial / _cKarl von Vereiter ; [traducción, E. Sánchez Pascual]. |
| 260 |
_aBarcelona : _bFerma, _c[1968-1969] |
||
| 300 |
_a2 v. : _bil. ; _c30 cm. |
||
| 505 | 8 | _aContiene: T. 1. La campaña del Oeste -- t. 2. La campaña del Este | |
| 650 | 1 | 4 |
_aGuerra mundial, 1939-1945. _913228 |
| 700 | 1 |
_aSánchez Pascual, Enrique. _9102835 |
|
| 852 |
_aES-MaACL _jP-365 ter _bR.67025 |
||
| 999 |
_c145742 _d145742 |
||